| 000 | 00511nam a22001937a 4500 | ||
|---|---|---|---|
| 003 | MPLRDC | ||
| 005 | 20220104143909.0 | ||
| 008 | 210129b ||||| |||| 00| 0 eng d | ||
| 020 | _a7-5391-1480-0 | ||
| 082 | _a861.59 DHXWX v.1 | ||
| 100 | _a古田足日 | ||
| 245 |
_a蛇山的爱子 _c朱自强 译 |
||
| 250 | _a一版一刷 | ||
| 260 |
_a _b二十一世纪出版社 _c1999 |
||
| 300 | _b平 | ||
| 490 | _a大幻想文学. 日本小说 | ||
| 650 | _a日本儿童小说 | ||
| 942 |
_cBK _o861.59 DHXWX v.1 |
||
| 999 |
_c44413 _d44403 |
||